000 00202nam a2200085Ia 4500
008 220204s9999 xx 000 0 und d
082 _a919.3
_bFAR
245 0 _aFar east and Australia. 1983-84
942 _cBK
999 _c39040
_d39040